000 00720nam a2200205 i 4500
001 171412
003 ES-MaACL
005 20250808062806.0
008 090514s1971 sp |||| | spa d
017 _aM 28595-1971
100 1 _aFlórez García, Gonzalo.
_9140128
245 1 3 _aLa reconciliación con Dios
_b: estudio teológico-pastoral sobre el sacramento de la penitencia /
_cpor Gonzalo Flórez García.
260 _aMadrid :
_b[La Editorial Católica],
_c1971.
300 _aXXIV, 347 p. ;
_c20 cm.
490 1 _aBiblioteca de autores cristianos ;
_v329
500 _aÍndices.
830 0 0 _aBiblioteca de autores cristianos
_v329
_9178679
852 _aES-MaACL
_jJ-322
_9R.46092
999 _c171412
_d171412